| 000 | 00763nam a2200253 c 4500 | ||
|---|---|---|---|
| 003 | BLK | ||
| 005 | 20190913121248.0 | ||
| 008 | 180911b bul|||||r ||||||| ||bul|| | ||
| 010 | _a003405 | ||
| 040 | _aBLK | ||
| 041 | _aDEU | ||
| 080 | _z82-1.01 | ||
| 100 | 1 |
_aMULLER-FREIENFELS, Richard _eпърви автор |
|
| 245 | 0 | 0 | _aPoetik |
| 260 |
_aLeipzig et al. _bB. G. Teubner _c1914 |
||
| 300 |
_aVI, 98, 16 с _c18 см |
||
| 380 | _a82 | ||
| 490 | _aAus Natur und Geisteswelt | ||
| 490 |
_aЧастна колекция - Академик Михаил Арнаудов _gДарение - Основен фонд |
||
| 655 | _aЛитературознание | ||
| 700 | 1 | _aRichard Muller-Freienfels | |
| 852 | _aМА 967 | ||
| 942 |
_cKNG _n0 |
||
| 944 |
_aCR _c1996 _kValK |
||
| 999 |
_c343744 _d343744 |
||